Normal view
MARC view
- Evans, David J
Entry Personal Name
001 - CONTROL NUMBER
- control field: 95369
003 - CONTROL NUMBER IDENTIFIER
- control field: NUST
005 - DATE AND TIME OF LATEST TRANSACTION
- control field: 20220726165852.0
008 - FIXED-LENGTH DATA ELEMENTS
- fixed length control field: 220726|| aca||aabn | a|a d
040 ## - CATALOGING SOURCE
- Original cataloging agency: NUST
- Transcribing agency: NUST
100 ## - HEADING--PERSONAL NAME
- Personal name: Evans, David J
670 ## - SOURCE DATA FOUND
- Source citation: Work cat.: (NUST)176308: Parallel processing systems /, 1982.
